Rozšířená kvantitativní analýza rozhodování českého soutěžního úřadu

Opis dlhodobého výskumu, zameraného na kvantitatívnu analýzu rozhodovania Úřadu pro ochranu hospodářské soutěže a jeho súdneho preskúmania. Aktualizácia predchádzajúcich výskumov a zameranie sa na nové otázky, najmä na druhostupňové rozhodovanie.

Gespeichert in:
Bibliographische Detailangaben
1. Verfasser: Petr, Michal
Weitere Verfasser: Zorková, Eva
Format: Buchkapitel
Sprache:Tschechisch
Schlagworte:
Tags: Tag hinzufügen
Keine Tags, Fügen Sie das erste Tag hinzu!

MARC

LEADER 00000naa a2200000 4500
001 0277805
005 20210812090540.0
041 0 |a cze 
044 |a CZ 
245 1 0 |a Rozšířená kvantitativní analýza rozhodování českého soutěžního úřadu  |c Michal Petr, Eva Zorková 
520 |a Opis dlhodobého výskumu, zameraného na kvantitatívnu analýzu rozhodovania Úřadu pro ochranu hospodářské soutěže a jeho súdneho preskúmania. Aktualizácia predchádzajúcich výskumov a zameranie sa na nové otázky, najmä na druhostupňové rozhodovanie. 
610 2 0 |a právo súťažné 
610 2 0 |a výskum kvantitatívny 
610 2 0 |a rozhodovanie 
610 2 0 |a analýzy 
610 2 0 |a súťaž hospodárska 
610 2 0 |a Česko 
100 1 |a Petr, Michal 
700 1 |a Zorková, Eva